Statistiken für Die besten Filme der 2010er

Klicken Sie hier um das Quiz zu spielen!

Allgemein

  • Dieses Quiz wurde 116 mal gespielt
  • Das Durchschnittsergebnis liegt bei 6 aus 43

Antwortstatistiken

PlatzierungFilmErscheinungsjahr% Korrekt
13.Inception2010
56%
27.Interstellar2014
45%
80.Avengers: Endgame2019
42%
65.Avengers: Infinity War2018
34%
135.The Wolf of Wall Street2013
33%
188.Harry Potter und die Heiligtümer des Todes - Teil 22011
32%
57.Django Unchained2012
31%
71.Joker2019
25%
35.Parasite2019
23%
149.Shutter Island2010
21%
69.The Dark Knight Rises2012
19%
173.Prisoners2013
13%
182.12 Years a Slave2013
12%
160.Alles steht Kopf2015
12%
203.Mad Max: Fury Road2015
12%
44.Whiplash2014
12%
123.19172019
11%
134.Green Book2018
11%
84.Toy Story 32010
11%
76.Coco: Lebendiger als das Leben2017
10%
70.Spiderman: A New Universe2018
10%
45.Ziemlich beste Freunde2011
10%
202.Drachenzähmen leicht gemacht2010
8%
190.Grand Budapest Hotel2014
8%
222.Logan: The Wolverine2017
7%
85.Your Name.2016
7%
185.Gone Girl - Das perfekte Opfer2014
5%
96.Die Jagd2012
4%
214.Le Mans 66 - Gegen jede Chance2019
4%
217.Spotlight2015
4%
218.Rush: Alles für den Sieg2013
3%
167.Three Billboards Outside Ebbing, Missouri2017
3%
93.Capernaum: Stadt der Hoffnung2018
2%
128.Dangal: Die Hoffnung auf den großen Sieg2016
2%
245.Die Taschendiebin2016
2%
197.Hacksaw Ridge - Die Entscheidung2016
2%
198.Klaus2019
2%
116.Nader und Simin - eine Trennung2011
2%
196.Raum2015
2%
248.The Help2011
2%
170.Warrior2011
2%
200.Wild Tales: Jeder dreht mal durch!2014
2%
119.Die Frau die singt - Incendies2010
1%

Verteilung der Resultate

Perzentil nach korrekt beantworteten Fragen

Anzahl Personen mit jedem Resultat

Ihre Resultats-Entwicklung

Sie haben dieses Quiz noch nicht gespielt